Catálogo Biblioteca Central

El Ártico ante el derecho del mar contemporáneo (Registro nro. 190475)

Detalles MARC
000 -CABECERA
campo de control de longitud fija 01125 am a2200313 i 4500
001 - NÚMERO DE CONTROL
campo de control 190475
008 - CÓDIGOS DE INFORMACIÓN DE LONGITUD FIJA
campo de control de longitud fija 120702s2012 sp ||||| |||| 00| 0 spa d
017 ## - NÚMERO DE COPYRIGHT O DE DEPÓSITO LEGAL
Depósito legal V.1232-2012
020 ## - NÚMERO INTERNACIONAL NORMALIZADO PARA LIBROS(ISBN)
Número Internacional Normalizado para Libros (ISBN) 978-84-9004-918-1
021 ## -
-- xx
035 ## - NÚMERO DE CONTROL DEL SISTEMA
Número de control de sistema (OCoLC)798643164
040 ## - FUENTE DE LA CATALOGACIÓN
Centro catalogador de origen ES-MaBCM
Centro transcriptor ES-MaBCM
080 ## - NÚMERO DE LA CLASIFICACIÓN DECIMAL UNIVERSAL
Número de la Clasificación Decimal Universal 341.225(98)
080 ## - NÚMERO DE LA CLASIFICACIÓN DECIMAL UNIVERSAL
Número de la Clasificación Decimal Universal 341.221(98)
100 ## - PUNTO DE ACCESO PRINCIPAL - NOMBRE DE PERSONA
Nombre de persona Cinelli, Claudia
9 (RLIN) 91296
245 ## - MENCIÓN DE TÍTULO
Título El Ártico ante el derecho del mar contemporáneo
Mención de responsabilidad etc. Claudia Cinelli
260 ## - PUBLICACIÓN, DISTRIBUCIÓN, ETC. (PIE DE IMPRENTA)
Lugar de publicación distribución etc. Valencia :
Nombre del editor distribuidor etc. Tirant lo Blanch,
Fecha de publicación distribución etc. 2012
300 ## - DESCRIPCIÓN FÍSICA
Extensión 364 p.
Otras características físicas mapas
Dimensiones 22cm
490 0# - MENCIÓN DE SERIE
Mención de serie Tirant monografías. Etiqueta verde ;
Designación de volumen o secuencia 790
500 ## - NOTA GENERAL
Nota general Índice de jurisprudencia internacional
500 ## - NOTA GENERAL
Nota general Incluye anexos: I. La Declaración de Ilulissat - II. La Declaración Inuit sobre la soberanía Ártica - III. El Tratado relativo al Archipiélago Svalbard
500 ## - NOTA GENERAL
Nota general En la port. : Universidad de Sevilla
504 ## - NOTA DE BIBLIOGRAFÍA, ETC.
Nota de bibliografía etc. Bibliografía: p. [341]-358
650 #7 - PUNTO DE ACCESO ADICIONAL DE MATERIA--TÉRMINO DE MATERIA
Término de materia o nombre geográfico como elemento inicial Derecho del mar
9 (RLIN) 58313
650 #7 - PUNTO DE ACCESO ADICIONAL DE MATERIA--TÉRMINO DE MATERIA
Término de materia o nombre geográfico como elemento inicial Soberanía nacional
9 (RLIN) 60291
650 #7 - PUNTO DE ACCESO ADICIONAL DE MATERIA--TÉRMINO DE MATERIA
Término de materia o nombre geográfico como elemento inicial Cooperación internacional
9 (RLIN) 58138
651 ## - PUNTO DE ACCESO ADICIONAL DE MATERIA--NOMBRE GEOGRÁFICO
Nombre geográfico Ártico
9 (RLIN) 115567
942 ## - ELEMENTOS DE PUNTO DE ACCESO ADICIONAL (KOHA)
Fuente del sistema de clasificación o colocación Universal Decimal Classification
Tipo de ítem Koha Libros
Existencias
Estado de retiro Estado de pérdida Fuente del sistema de clasificación o colocación Estado dañado No para préstamo Localización permanente Ubicación/localización actual Ubicación en estantería Fecha de adquisición Fuente de adquisición Coste precio normal de compra Total de préstamos Signatura topográfica completa Código de barras Fecha visto por última vez Precio válido a partir de Tipo de ítem Koha
    Universal Decimal Classification     Biblioteca Central del Ministerio de la Presidencia Biblioteca Central del Ministerio de la Presidencia Sala 12/06/2012 Compra 37.50   56254 1067175 28/05/2012 28/05/2012 Libros